00654nam a2200193Ia 4500952014400000999001700144003000400161005001700165008004100182020001900223040000900242082002200251100002600273245005400299260003600353300000900389650001200398942005000410 00102ddc40708SSaMESbMEScENGd2019-02-20g190.00l1o894.812372 PAR/Tp39154r2025-11-11 14:18:34s2025-11-07w2019-02-20yBKzGR14R1 c14906d14906OSt20201016121906.0190216s9999||||xx |||||||||||||| ||und|| a97893833399086 coclc a894.812372bPAR/T aParakadavu, P K95449 0aThrough The Mini Looking Glass /cP K Parakadavu  bLead Books ,c2013.aKozhikode: a119p aEnglish cBK2ddch894.812372iPAR/Tk894.812372mPAR/T